[Event "BCF-ch U08 rapid"]
[Site "Hull"]
[Date "2024.07.26"]
[Round "4"]
[White "Maksak, Liubava"]
[Black "Makarabbi, Anvay"]
[Result "0-1"]
[WhiteElo "958"]
[BlackElo "1501"]
[PlyCount "86"]
[EventDate "2024.07.26"]
[EventType "swiss (rapid)"]
[EventRounds "9"]
[EventCountry "ENG"]
[SourceTitle "CBM 221 Extra"]
[Source "ChessBase"]
[SourceDate "2024.09.30"]
[SourceVersion "1"]
[SourceVersionDate "2024.09.30"]
[SourceQuality "1"]

1. e4 e6 2. d4 d5 3. Nc3 Bb4 4. Bd3 dxe4 5. Bxe4 Nf6 6. Bd3 0-0 7. Nf3 b6 8. 0-0 Bb7 9. a3 Be7 10. Bf4 Nbd7 11. Be5 c5 12. Bc4 cxd4 13. Bxd4 Nc5 14. Bxc5 Bxc5 15. Qxd8 Rfxd8 16. Rad1 Bxf3 17. gxf3 Rac8 18. Nb5 a6 19. Nc3 b5 20. Be2 Bd4 21. Rd3 Bxc3 22. Rxc3 Rxc3 23. bxc3 Nh5 24. Rd1 Rxd1+ 25. Bxd1 Kf8 26. Kg2 Ke7 27. Kh3 Nf4+ 28. Kg4 e5 29. h3 Kd6 30. h4 Kc5 31. Kf5 f6 32. Ke4 Kc4 33. Ke3 Kxc3 34. Ke4 Kb2 35. Ke3 Kxa3 36. Kd2 Kb2 37. c3 a5 38. Bc2 h6 39. Be4 a4 40. Bc6 a3 41. Bxb5 a2 42. c4 a1Q 43. c5 Qc1# 0-1

[Event "BCF-ch U08 rapid"]
[Site "Hull"]
[Date "2024.07.26"]
[Round "2"]
[White "Munoz, Carlos"]
[Black "Makarabbi, Anvay"]
[Result "0-1"]
[WhiteElo "964"]
[BlackElo "1501"]
[PlyCount "106"]
[EventDate "2024.07.26"]
[EventType "swiss (rapid)"]
[EventRounds "9"]
[EventCountry "ENG"]
[SourceTitle "CBM 221 Extra"]
[Source "ChessBase"]
[SourceDate "2024.09.30"]
[SourceVersion "1"]
[SourceVersionDate "2024.09.30"]
[SourceQuality "1"]

1. e4 e6 2. d4 d5 3. e5 c5 4. Nf3 Nc6 5. Nc3 cxd4 6. Nxd4 Bb4 7. Nxc6 bxc6 8. a3 Ba5 9. b4 Bb6 10. Bd3 Ne7 11. 0-0 0-0 12. Bg5 h6 13. Bxe7 Qxe7 14. Na4 Bd7 15. Nxb6 axb6 16. c3 c5 17. bxc5 bxc5 18. h3 d4 19. c4 Ra6 20. Qf3 g6 21. Qe4 Ra5 22. a4 Rxa4 23. Rxa4 Bxa4 24. Ra1 Qd7 25. Bc2 Bxc2 26. Qxc2 Qc6 27. f3 Ra8 28. Rxa8+ Qxa8 29. g4 Qa1+ 30. Kg2 Qc3 31. Qe4 Qxc4 32. Qa8+ Kg7 33. h4 Qd5 34. Qa3 Qxe5 35. h5 gxh5 36. gxh5 Qxh5 37. Qd3 Qg6+ 38. Qxg6+ fxg6 39. Kf2 h5 40. Kg3 c4 41. Kf2 h4 42. Ke2 h3 43. Kf2 d3 44. Kg3 d2 45. Kxh3 d1Q 46. Kg4 c3 47. Kf4 c2 48. Ke4 c1R 49. f4 Rc4+ 50. Ke3 Rd4 51. f5 Qd2+ 52. Kf3 Rd3+ 53. Ke4 Qe3# 0-1

[Event "BCF-ch U08 blitz"]
[Site "Hull"]
[Date "2024.07.25"]
[Round "4"]
[White "Kapitanski, Furion"]
[Black "Makarabbi, Anvay"]
[Result "1-0"]
[WhiteElo "1497"]
[BlackElo "1501"]
[PlyCount "53"]
[EventDate "2024.07.25"]
[EventType "swiss (blitz)"]
[EventRounds "9"]
[EventCountry "ENG"]
[SourceTitle "CBM 221 Extra"]
[Source "ChessBase"]
[SourceDate "2024.09.30"]
[SourceVersion "1"]
[SourceVersionDate "2024.09.30"]
[SourceQuality "1"]

1. e4 e6 2. d4 d5 3. e5 c5 4. c3 Nc6 5. Nf3 Qb6 6. Bd3 Bd7 7. 0-0 cxd4 8. Nbd2 dxc3 9. bxc3 Qc7 10. Re1 Nge7 11. h4 Ng6 12. Nb3 Be7 13. h5 Nf8 14. Bd2 h6 15. Nbd4 Nh7 16. Qc2 Ng5 17. Nxg5 hxg5 18. Qd1 0-0 19. Nf3 g4 20. Nd4 g3 21. fxg3 Bc5 22. h6 Nxd4 23. cxd4 Bxd4+ 24. Kh1 Bxa1 25. hxg7 Bxe5 26. gxf8Q+ Kxf8 27. Qh5 1-0

[Event "BCF-ch U08 blitz"]
[Site "Hull"]
[Date "2024.07.25"]
[Round "8"]
[White "Makarabbi, Anvay"]
[Black "Dodukh, Artem"]
[Result "0-1"]
[WhiteElo "1501"]
[BlackElo "1057"]
[PlyCount "66"]
[EventDate "2024.07.25"]
[EventType "swiss (blitz)"]
[EventRounds "9"]
[EventCountry "ENG"]
[SourceTitle "CBM 221 Extra"]
[Source "ChessBase"]
[SourceDate "2024.09.30"]
[SourceVersion "1"]
[SourceVersionDate "2024.09.30"]
[SourceQuality "1"]

1. c4 Nf6 2. g3 g6 3. b3 Bg7 4. Bb2 0-0 5. Bg2 Nc6 6. Nf3 b6 7. Nd4 Bb7 8. Nf3 d6 9. 0-0 e5 10. d4 exd4 11. Nxd4 Qd7 12. Nd2 Rab8 13. N2f3 Nxd4 14. Bxd4 c5 15. Bb2 Rfe8 16. Re1 Re6 17. Qc2 Rbe8 18. Rad1 Qe7 19. Ng5 Rxe2 20. Rxe2 Qxe2 21. Qxe2 Rxe2 22. Bxf6 Bxf6 23. Nxf7 Bxg2 24. Nxd6 Bf3 25. Nb5 Rxa2 26. Rf1 a6 27. Nc7 a5 28. Nb5 Rb2 29. Re1 Rxb3 30. Re8+ Kg7 31. h4 Kh6 32. Nd6 Rb1+ 33. Kh2 Rh1# 0-1

[Event "BCF-ch U08 blitz"]
[Site "Hull"]
[Date "2024.07.25"]
[Round "5"]
[White "Makarabbi, Anvay"]
[Black "Gritsenko, Mark"]
[Result "1-0"]
[WhiteElo "1501"]
[BlackElo "837"]
[PlyCount "51"]
[EventDate "2024.07.25"]
[EventType "swiss (blitz)"]
[EventRounds "9"]
[EventCountry "ENG"]
[SourceTitle "CBM 221 Extra"]
[Source "ChessBase"]
[SourceDate "2024.09.30"]
[SourceVersion "1"]
[SourceVersionDate "2024.09.30"]
[SourceQuality "1"]

1. c4 c5 2. g3 Nf6 3. Bg2 Nc6 4. Nc3 e6 5. d3 Be7 6. Nf3 0-0 7. 0-0 b6 8. Ne5 Nxe5 9. Bxa8 Ba6 10. Bg2 Bd6 11. Bf4 Nfg4 12. h3 Nf6 13. Ne4 Nxe4 14. Bxe4 Qf6 15. h4 Qe7 16. b3 Ng4 17. Bxd6 Qxd6 18. Bf3 Nf6 19. Qc2 b5 20. Rad1 Qc7 21. cxb5 Bxb5 22. d4 d6 23. dxc5 dxc5 24. Rc1 Qb6 25. Qxc5 Qa6 26. Rfe1 1-0

[Event "BCF-ch U08 blitz"]
[Site "Hull"]
[Date "2024.07.25"]
[Round "7"]
[White "Makarabbi, Anvay"]
[Black "Maksak, Liubava"]
[Result "1-0"]
[WhiteElo "1501"]
[BlackElo "1082"]
[PlyCount "44"]
[EventDate "2024.07.25"]
[EventType "swiss (blitz)"]
[EventRounds "9"]
[EventCountry "ENG"]
[SourceTitle "CBM 221 Extra"]
[Source "ChessBase"]
[SourceDate "2024.09.30"]
[SourceVersion "1"]
[SourceVersionDate "2024.09.30"]
[SourceQuality "1"]

1. c4 Nf6 2. g3 e5 3. Nc3 Nc6 4. d3 Bc5 5. e3 d6 6. Nge2 Bg4 7. Bg2 0-0 8. h3 Bf5 9. d4 exd4 10. exd4 Re8 11. dxc5 Nb4 12. 0-0 Nc2 13. Rb1 Nd4 14. Nxd4 Bxb1 15. Nxb1 dxc5 16. Nb3 Qe7 17. Bd2 Rad8 18. Nc3 Qd6 19. Bf4 Qb6 20. Qc2 Kh8 21. Be3 Kg8 22. Bxc5 Qa6 1-0

[Event "BCF-ch U08 blitz"]
[Site "Hull"]
[Date "2024.07.25"]
[Round "3"]
[White "Munoz, Carlos"]
[Black "Makarabbi, Anvay"]
[Result "0-1"]
[WhiteElo "964"]
[BlackElo "1501"]
[PlyCount "104"]
[EventDate "2024.07.25"]
[EventType "swiss (blitz)"]
[EventRounds "9"]
[EventCountry "ENG"]
[SourceTitle "CBM 221 Extra"]
[Source "ChessBase"]
[SourceDate "2024.09.30"]
[SourceVersion "1"]
[SourceVersionDate "2024.09.30"]
[SourceQuality "1"]

1. e4 e6 2. d4 d5 3. e5 c5 4. Nf3 Nc6 5. Nc3 cxd4 6. Nxd4 Nxd4 7. Qxd4 Ne7 8. Qd1 Ng6 9. Bd3 Nxe5 10. 0-0 Nxd3 11. cxd3 Bc5 12. d4 Bd6 13. Nb5 Be7 14. Be3 a6 15. Nc3 0-0 16. Qd2 Bd7 17. a4 Bb4 18. Bg5 Qc7 19. h3 Rac8 20. Qe3 Bxc3 21. bxc3 Qxc3 22. Qxc3 Rxc3 23. Rac1 Rfc8 24. Bd2 Rxc1 25. Rxc1 Rxc1+ 26. Bxc1 Bxa4 27. Bd2 Kf8 28. g3 Ke8 29. f4 Kd7 30. g4 Kc6 31. h4 b5 32. h5 Bd1 33. g5 Bxh5 34. Kg2 Kb6 35. Kh3 a5 36. Kh4 Bg6 37. f5 Bxf5 38. g6 Bxg6 39. Bc1 a4 40. Ba3 Ka5 41. Bc1 b4 42. Bd2 a3 43. Kg4 a2 44. Kf3 a1Q 45. Ke2 Kb6 46. Bxb4 Qb2+ 47. Ke3 Qxb4 48. Kf4 Qxd4+ 49. Kf3 Qe4+ 50. Kf2 Bh5 51. Kg3 Qf3+ 52. Kh4 Qg4# 0-1